Statistics for Countries that Beat Estonia

Click here to take the quiz!

General Stats

  • This quiz has been taken 21 times
  • The average score is 13 of 16

Answer Stats

RankCategoryAnswer% Correct
3First USSR republic to gain independenceLithuania | Georgia
100%
3Smallest former USSR republicMoldova | Armenia
100%
7Northernmost country in EuropeRussia | Norway | Finland | Sweden | Iceland | United Kingdom
95%
10Poorest country in the EUBulgaria | Greece | Croatia | Romania | Latvia | Slovakia | Portugal | Hungary | Poland
86%
3Last country alphabetically to start with EEswatini | Ethiopia
86%
2Richest former USSR republicLithuania
86%
6 (t)Country closest to BelarusPoland | Russia | Lithuania | Ukraine | Latvia
86%
4Most guessed Soviet republic on the CoTW quizRussia | Ukraine | Kazakhstan
86%
10Least populated in EuropeVatican City | San Marino | Monaco | Liechtenstein | Andorra | Iceland | Malta | Montenegro | Luxembourg
86%
2 (t)European country that has the least amount of border countriesPortugal | Denmark | Ireland | United Kingdom | San Marino | Vatican City
81%
4USSR country with smallest militaryTajikistan | Kyrgyzstan | Latvia
81%
7Lowest highest point of a European countryVatican City | Monaco | Denmark | Malta | Lithuania | Latvia
81%
5Smallest member of the EUNetherlands | Belgium | Slovenia | Luxembourg
76%
3Highest % of irreligious peopleCzech Republic | North Korea
67%
4Highest military personnel per capita in NATOLithuania | Greece | Portugal
52%
2Largest oil shale producerChina
38%

Score Distribution

Percentile by Number Answered

Percent of People with Each Score

Your Score History

You have not taken this quiz